Classroom techniques : (Record no. 5630)

MARC details
000 -LEADER
fixed length control field 00741cam a2200193 i 4500
020 ## - INTERNATIONAL STANDARD BOOK NUMBER
ISBN 0155076744
050 00 - CALL NUMBER
Classification number PB35
Item number .A57
100 1# - AUTHOR
Personal name Allen, Edward David,
245 10 - TITLE
Title Classroom techniques :
Remainder of title foreign languages and English as a second language /
Statement of responsibility, etc Edward David Allen, Rebecca M. Valette.
250 ## - EDITION
Edition statement [Rev. and expanded ed.].
260 ## - PUBLICATION INFORMATION
Place of publication New York :
Name of publisher Harcourt Brace Jovanovich,
Year of publication c1977.
300 ## - DESCRIPTION
Number of Pages ix, 418 p. :
Other physical details ill. ;
Dimensions 24 cm.
500 ## - NOTES
General note Published in 1972 under title: Modern language classroom techniques.
650 #0 - SUBJECTS
Topical Term Languages, Modern
General subdivision Study and teaching.
650 #0 - SUBJECTS
Topical Term English language
General subdivision Study and teaching
-- Foreign speakers.
650 #0 - SUBJECTS
Topical Term Second language acquisition.
700 1# - OTHER AUTHORS
Personal name Valette, Rebecca M.,
942 ## - ADDED ENTRY ELEMENTS (KOHA)
Koha item type Books
Holdings
Withdrawn status Lost status Home library Current library Date acquired Full call number Accession Number Koha item type
    Methodist University Library Wenchi Faculty Methodist University Library Wenchi Faculty 09/07/2019 PB35 .A57 31519 Books
Copyright © 2026  MUG Library